Nationality and statelessness in international law / (Record no. 188950)
[ view plain ]
| 000 -LEADER | |
|---|---|
| fixed length control field | 00949cam7a220027700 4500 |
| 001 - CONTROL NUMBER | |
| control field | lce01106653 |
| 008 - FIXED-LENGTH DATA ELEMENTS--GENERAL INFORMATION | |
| fixed length control field | 800930s1979 ne b 001 0 eng |
| 010 ## - LIBRARY OF CONGRESS CONTROL NUMBER | |
| LC control number | 79089781 |
| 015 ## - NATIONAL BIBLIOGRAPHY NUMBER | |
| National bibliography number | Ne*** |
| 020 ## - INTERNATIONAL STANDARD BOOK NUMBER | |
| International Standard Book Number | 9028603298 |
| 035 ## - SYSTEM CONTROL NUMBER | |
| System control number | (Sirsi) r113237 |
| 035 ## - SYSTEM CONTROL NUMBER | |
| System control number | (DLC) 79089781 |
| 035 ## - SYSTEM CONTROL NUMBER | |
| System control number | (UPRA)lce01106653 |
| 050 0# - LIBRARY OF CONGRESS CALL NUMBER | |
| Classification number | JX4211 |
| Item number | .W4 1979b |
| 082 0# - DEWEY DECIMAL CLASSIFICATION NUMBER | |
| Classification number | 341.4/82 |
| Edition number | 19 |
| 100 1# - MAIN ENTRY--PERSONAL NAME | |
| Personal name | Weis, Paul. |
| Linkage | A75084.1 |
| 245 10 - TITLE STATEMENT | |
| Title | Nationality and statelessness in international law / |
| Statement of responsibility, etc. | by P. Weis ; with a foreword by Hersch Lauterpacht. |
| 250 ## - EDITION STATEMENT | |
| Edition statement | 2d ed. |
| 260 ## - PUBLICATION, DISTRIBUTION, ETC. | |
| Place of publication, distribution, etc. | Alphen aan den Rijn ; Germantown, Md. : |
| -- | Alphen aan den Rijn ; Germantown, Md. : |
| Name of publisher, distributor, etc. | Sijthoff & Noordhoff, |
| Date of publication, distribution, etc. | 1979. |
| 500 ## - GENERAL NOTE | |
| General note | Includes index. |
| 504 ## - BIBLIOGRAPHY, ETC. NOTE | |
| Bibliography, etc. note | Bibliography: p. [313]-321. |
| 650 #0 - SUBJECT ADDED ENTRY--TOPICAL TERM | |
| Topical term or geographic name entry element | Citizenship (International law) |
| Linkage | S55861.1 |
| 650 #0 - SUBJECT ADDED ENTRY--TOPICAL TERM | |
| Topical term or geographic name entry element | Statelessness. |
| Linkage | S39150.1 |
| 949 ## - LOCAL PROCESSING INFORMATION (OCLC) | |
| a | JX4211 |
| w | lcc |
| i | 33729001717680 |
| m | MAIN |
| p | 2500 |
| t | BOOK |
| l | ON-SHELF |
No items available.